Responses for Show #6632 - Tuesday, June 18, 2013

Andrew Moore game 2.

Contestants

[<< previous game]

Eugene Chuang, a structural engineer from Boston, Massachusetts

Robin Raffer, a picture researcher from Brooklyn, New York

Andrew Moore, a test prep instructor from Buford, Georgia (whose 1-day cash winnings total $31,201)

[next game >>]

Jeopardy! Round responses

THE GILDED PAGE
AT THE DRUGSTORE
DECORATIVE ARTS
MOVIE TITLE ADD A LETTER
(Alex: For instance, instead of coming up with "What is A Knight's Tale?" the correct response would be "What is A Knight's Table?", adding one letter.)
2001: A CATEGORY ODYSSEY
"THE" END
(And those 3 letters--"T-H-E"--will come at the end of each correct response.)
    $200 28
(Andrew: What is Casino Royale?)
(Eugene: What's The Man with the Golden Gun?)
(Robin: What is Dr. No?)

Goldfinger

AndrewRobinEugene
Triple Stumper
    $200 29
[The end-of-round signal sounds.]

Gillette

Andrew
    $200 17
Star Warts

Andrew
    $200 16
John Paul II

Robin
    $200 26
soothe

Andrew
    $400 19
(Robin: What is Goldilocks and the Three Bears?)

Rapunzel

AndrewRobin
    $400 27
Listerine

Andrew
    $400 23
leather

Andrew
    $400 24
Zero Dark Thirsty

Andrew
    $400 15
iTunes

Andrew
    $400 25
breathe

Robin
    $600 12
(Edgar Allan) Poe

Andrew
    $600 6
Band-Aids

Eugene
    $600 22
lace

Robin
    $600 9
The Dark Knight Rinses

Andrew
    $600 4
(Timothy) McVeigh

Andrew
    $600 2
to bathe

Eugene
    $800 13
(Andrew: Who is Raleigh?)
(Robin: Who is Drake?)

Henry Morgan

AndrewRobin
Triple Stumper
    $800 7
Old Spice

Eugene
    $800 21
fretwork

Triple Stumper
    $800 10
(Eugene: What's Ironic Man?)
...
(Alex: We add only one letter, not two.)

Irony Man

AndrewEugene
    $1,400 5
(William) Rehnquist

Andrew
    $800 1
a scythe

Andrew
    $1000 18
Little House on the Prairie

Andrew
    $1000 8
ChapStick

Eugene
    $1000 20
a tapestry

Robin
    $1000 11
True Grift

Eugene
    $1000 14
(Eugene: What is, uh, Skylab?)

Mir

AndrewEugene
    $1000 3
absinthe

Eugene

Scores at the first commercial break (after clue 14):

Andrew Robin Eugene
$5,000 -$800 $3,200

Scores at the end of the Jeopardy! Round:

Andrew Robin Eugene
$8,400 $800 $3,000

Double Jeopardy! Round responses

PHILOSOPHY THROUGH THE AGES
CIVIL WAR MILITARY MEN
MUSICAL THEATER
DAS "K"APITAL
(Alex: Each correct response will begin with a "K".)
GOOD DEFINITION
GONE
    $400 28
[The end-of-round signal sounds.]

Confucius

Eugene
    $400 13
an elephant

Andrew
    $400 1
The Producers

Robin
    $400 21
a triplex

Andrew
    $400 24
8-track

Andrew
    $800 25
stoicism

Andrew
    $800 16
Robert E. Lee

Eugene
    $800 2
Grease

Robin
    $4,000 27
Kuwait City

Andrew
    $800 6
Route 66

Andrew
    $1200 4
(Eugene: What's ubiquitous?)

omnipresent

AndrewEugene
    $1200 15
Pickett

Robin
    $1200 3
Wicked

Andrew
    $1200 9
Kampala

Eugene
    $1200 19
(Eugene: What's a--herald?)

regalia

Eugene
Triple Stumper
    $1200 26
a slide rule

Andrew
    $2,500 5
(Søren) Kierkegaard

Andrew
    $1600 17
Farragut

Eugene
    $1600 8
Newsies

Andrew
    $1600 10
(Andrew: What is Kampuchea?)

Kuala Lumpur

AndrewEugene
    $1600 7
a naiad

Robin
    $1600 22
(Eugene: Who is Schwab?)
(Andrew: Who is Dean Witter?)

E.F. Hutton

AndrewEugene
Triple Stumper
    $2000 14
Hegel

Eugene
    $2000 18
(Andrew: Who is Grant?)

Joe Hooker

Andrew
Triple Stumper
    $2000 12
Once

Robin
    $2000 11
Kinshasa

Robin
    $2000 20
an eye bank

Robin
    $2000 23
horses

Robin

Scores at the end of the Double Jeopardy! Round:

Andrew Robin Eugene
$17,700 $12,800 $6,600

[wagering suggestions for these scores]

Final Jeopardy! Round responses

FOOD & DRINK
(Alex: Well, we all know Coca-Cola's No. 1, but what's now No. 2?)
EugeneWhat is Dr. Pepper
$3,600
RobinWhat is snapple?
$8,000
AndrewWhat is diet coke?
$7,901
Diet Coke

Final scores:

Andrew Robin Eugene
$25,601 $4,800 $3,000
2-day champion: $56,802 2nd place: $2,000 3rd place: $1,000

Game dynamics:

Coryat scores:

Andrew Robin Eugene
$13,000 $12,800 $6,600
27 R
(including 3 DDs),
5 W
12 R,
3 W
12 R,
6 W

Combined Coryat: $32,400

[game clues] [game scores] [suggest correction]

Game tape date: 2013-02-12
The J! Archive is created by fans, for fans. Scraping, republication, monetization, and malicious use prohibited; this site may use cookies and collect identifying information. See terms. The Jeopardy! game show and all elements thereof, including but not limited to copyright and trademark thereto, are the property of Jeopardy Productions, Inc. and are protected under law. This website is not affiliated with, sponsored by, or operated by Jeopardy Productions, Inc. Join the discussion at JBoard.tv.